[Event "VIII Festival de Semana Santa"]
[Site "Mondariz Balneario, Pontevedra"]
[Date "2011.04.20"]
[Round "5.14"]
[White "Nunez Alonso, Juan"]
[Black "Martins, Guilherme Pires Tava"]
[Result "1/2-1/2"]
[WhiteElo "1681"]
[BlackElo "1627"]
[PlyCount "96"]
[EventDate "2011.04.16"]

1. e4 d5 2. exd5 Qxd5 3. Nc3 Qa5 4. d4 Nf6 5. Bd2 c6 6. Nf3 Bf5 7. Bc4 e6 8.
Nd5 Qd8 9. Nxf6+ gxf6 10. h3 Be7 11. Bb3 Qc7 12. Qe2 Nd7 13. O-O-O O-O-O 14. g4
Bg6 15. Nh4 Nb6 16. Be3 Nd5 17. Rhf1 Bd6 18. Ng2 Nf4 19. Nxf4 Bxf4 20. Qf3 Bg5
21. Rh1 h5 22. Bxg5 fxg5 23. Qf6 Rdg8 24. Rdg1 Qd8 25. Qe5 Qc7 26. Qe3 Qd8 27.
f3 Qf6 28. Rf1 Rd8 29. c3 Rhe8 30. Re1 Re7 31. Rhf1 Rde8 32. Qe5 Qxe5 33. Rxe5
f6 34. Re3 Kd7 35. Rfe1 hxg4 36. hxg4 e5 37. dxe5 Rxe5 38. Rxe5 Rxe5 39. Rxe5
fxe5 40. Bc2 Bf7 41. b3 Bd5 42. Be4 Bxe4 43. fxe4 c5 44. Kc2 Kc6 45. a4 c4 46.
b4 a6 47. Kb2 b6 48. Ka3 b5 1/2-1/2

[Event "VIII Festival de Semana Santa"]
[Site "Mondariz Balneario, Pontevedra"]
[Date "2011.04.20"]
[Round "5.16"]
[White "Olivera Gutierrez, Albert"]
[Black "Perez Dominguez, David"]
[Result "1-0"]
[WhiteElo "2073"]
[BlackElo "1791"]
[PlyCount "85"]
[EventDate "2011.04.16"]

1. e4 c5 2. Nf3 d6 3. d4 cxd4 4. Nxd4 Nf6 5. Nc3 a6 6. Qf3 e6 7. g4 Qb6 8. Nb3
Nc6 9. Be3 Qc7 10. g5 Nd7 11. Qh3 g6 12. Nd4 Nb6 13. Qg3 Bd7 14. f4 Na5 15.
O-O-O Nbc4 16. f5 Qb6 17. Bxc4 Nxc4 18. b3 Qb4 19. Nb1 Nxe3 20. Qxe3 e5 21. Ne2
O-O-O 22. Nec3 Bc6 23. f6 Qc5 24. Qh3+ Kb8 25. Nd5 Bxd5 26. Rxd5 Qb4 27. Qe3
Kc7 28. Rd3 Kb8 29. Rd5 Kc7 30. Rhd1 h6 31. R1d3 b5 32. Qa7+ Kc6 33. Rc3+ Qxc3
34. Qxa6+ Kd7 35. Nxc3 hxg5 36. Rxb5 Ke6 37. Nd5 Rxh2 38. Qb6 Rc8 39. c4 g4 40.
Qg1 Bh6+ 41. Kb1 Rh4 42. Rb7 Bf8 43. Qg3 1-0

[Event "VIII Festival de Semana Santa"]
[Site "Mondariz Balneario, Pontevedra"]
[Date "2011.04.20"]
[Round "5.17"]
[White "Juan Morado, Miguel"]
[Black "Fernandez Rey, Jorge"]
[Result "1-0"]
[WhiteElo "1910"]
[BlackElo "1688"]
[PlyCount "107"]
[EventDate "2011.04.16"]

1. e4 Nf6 2. e5 Nd5 3. d4 d6 4. c4 Nb6 5. exd6 cxd6 6. Nc3 Bf5 7. Nf3 Qc8 8. b3
Nc6 9. Be3 g6 10. Bd3 Nb4 11. Bxf5 Qxf5 12. O-O Bg7 13. Rc1 O-O 14. Qd2 e5 15.
d5 e4 16. Nxe4 Qxe4 17. Qxb4 Nxd5 18. Qxb7 Nc3 19. Qxe4 Nxe4 20. Bd4 Nd2 21.
Nxd2 Bxd4 22. Nf3 Bb2 23. Rcd1 Ba3 24. Rfe1 a5 25. Kf1 a4 26. Rb1 axb3 27. axb3
Bb4 28. Re2 Rfb8 29. Nd4 Bc5 30. Nb5 Rb7 31. Rd2 Bb4 32. Rd5 Ra6 33. Rbd1 Rbb6
34. g3 Kf8 35. Kg2 Ke7 36. R1d3 Ra2 37. Re3+ Kd7 38. Red3 Rb2 39. Nxd6 Rxd6 40.
Rxd6+ Bxd6 41. c5 Rc2 42. cxd6 Rc6 43. Kf3 Rxd6 44. Rxd6+ Kxd6 45. Ke4 f6 46.
f4 Kc5 47. h4 h5 48. f5 g5 49. hxg5 fxg5 50. b4+ Kd6 51. b5 h4 52. gxh4 gxh4
53. b6 h3 54. Kf3 1-0

[Event "VIII Festival de Semana Santa"]
[Site "Mondariz Balneario, Pontevedra"]
[Date "2011.04.20"]
[Round "5.22"]
[White "Nunez Alonso, Raul"]
[Black "Olivera Miras, Albert"]
[Result "1-0"]
[WhiteElo "1442"]
[BlackElo "1573"]
[PlyCount "61"]
[EventDate "2011.04.16"]

1. e4 e5 2. Nf3 Nc6 3. Bc4 Bc5 4. c3 Nf6 5. d4 exd4 6. cxd4 Bb4+ 7. Bd2 Nxe4 8.
Bxb4 Nxb4 9. Bxf7+ Kxf7 10. Qb3+ d5 11. Ne5+ Ke6 12. Qxb4 Qd6 13. Qxd6+ Nxd6
14. Nc3 c6 15. O-O Re8 16. Rfe1 Kf5 17. Ne2 Kf6 18. Ng3 g6 19. Nf3 Bf5 20. Nxf5
Nxf5 21. Re5 Re7 22. g4 Nxd4 23. g5+ Kf7 24. Rxe7+ Kxe7 25. Nxd4 Kd6 26. Re1 c5
27. Nb5+ Kc6 28. Nc3 d4 29. Ne4 Re8 30. f3 Kd5 31. Nf6+ 1-0

[Event "VIII Festival de Semana Santa"]
[Site "Mondariz Balneario, Pontevedra"]
[Date "2011.04.21"]
[Round "6.1"]
[White "Gonzalez Roca, Pablo"]
[Black "Renteria, Jorge"]
[Result "1/2-1/2"]
[WhiteElo "2024"]
[BlackElo "2292"]
[PlyCount "98"]
[EventDate "2011.04.16"]

1. e4 c5 2. Nf3 d6 3. d4 cxd4 4. Nxd4 Nf6 5. Nc3 a6 6. Bg5 Nc6 7. Bxf6 gxf6 8.
Qd2 e6 9. O-O-O Qb6 10. Nb3 Qc7 11. f4 h5 12. Be2 Bd7 13. Bf3 h4 14. Kb1 O-O-O
15. Qf2 Kb8 16. a3 Na5 17. Be2 Be7 18. Rd3 Nxb3 19. cxb3 Qc5 20. Qe1 Bc6 21. b4
Qb6 22. Bg4 f5 23. exf5 Bxg2 24. Rg1 h3 25. fxe6 Bh4 26. Qc1 d5 27. f5 d4 28.
Qf4+ Qc7 29. Rxd4 Qxf4 30. Rxf4 Bg3 31. Bxh3 Bxf4 32. Bxg2 fxe6 33. fxe6 Rdg8
34. Rf1 Be5 35. Bd5 Bxc3 36. bxc3 Rf8 37. Rf7 Rd8 38. Rd7 Rxd7 39. exd7 Kc7 40.
Be6 Rxh2 41. a4 Re2 42. Bg4 Rg2 43. Bf3 Rd2 44. Bg4 b6 45. Kc1 Rg2 46. Bf5 Rf2
47. Bd3 a5 48. bxa5 bxa5 49. Bb5 Rh2 1/2-1/2

[Event "VIII Festival de Semana Santa"]
[Site "Mondariz Balneario, Pontevedra"]
[Date "2011.04.21"]
[Round "6.2"]
[White "Martinez Rodriguez, Pablo"]
[Black "Clemente Llamero, Roberto"]
[Result "1/2-1/2"]
[WhiteElo "2284"]
[BlackElo "2114"]
[PlyCount "51"]
[EventDate "2011.04.16"]

1. d4 d5 2. Nf3 Nf6 3. c4 e6 4. Nc3 Bb4 5. Bg5 Nbd7 6. e3 O-O 7. Bd3 c5 8. cxd5
exd5 9. O-O Qa5 10. Qc2 c4 11. Bf5 Re8 12. Nd2 g6 13. Bh3 Bxc3 14. Qxc3 Qxc3
15. bxc3 Ne4 16. Nxe4 dxe4 17. Rfb1 Nb6 18. Bxc8 Raxc8 19. a4 Nd5 20. Rxb7 Nxc3
21. Rxa7 Nd5 22. Rc1 c3 23. Kf1 Nb4 24. Ke2 Nd3 25. Rc2 Nb4 26. Rc1 1/2-1/2

[Event "VIII Festival de Semana Santa"]
[Site "Mondariz Balneario, Pontevedra"]
[Date "2011.04.21"]
[Round "6.3"]
[White "Beltran De Heredia E, Miguel"]
[Black "Villar Perez, Samuel"]
[Result "0-1"]
[WhiteElo "2116"]
[BlackElo "2156"]
[PlyCount "76"]
[EventDate "2011.04.16"]

1. e4 c5 2. Nf3 d6 3. d4 cxd4 4. Nxd4 Nf6 5. Nc3 a6 6. h3 e6 7. g4 Be7 8. Bg2
Nfd7 9. Be3 Nc6 10. Qd2 O-O 11. O-O Nde5 12. b3 b5 13. Nde2 Bb7 14. f4 Nd7 15.
g5 Rc8 16. f5 Re8 17. Rad1 Bf8 18. f6 g6 19. a4 b4 20. Na2 a5 21. c3 bxc3 22.
Nexc3 Nce5 23. Nb5 Nc5 24. Bxc5 Rxc5 25. Nxd6 Qb6 26. Nxb7 Qxb7 27. Rb1 Qb6 28.
Kh1 Rd8 29. Qe2 Nc6 30. Qe3 h6 31. h4 Qc7 32. Rbc1 Qe5 33. Rxc5 Bxc5 34. Qc3
Nd4 35. Qxa5 Ne2 36. Qxd8+ Kh7 37. Rf3 Ng3+ 38. Rxg3 Qxg3 0-1

[Event "VIII Festival de Semana Santa"]
[Site "Mondariz Balneario, Pontevedra"]
[Date "2011.04.21"]
[Round "6.4"]
[White "Montes Gutierrez, Ignacio"]
[Black "Pimienta Sanchez, Manuel"]
[Result "1-0"]
[WhiteElo "2201"]
[BlackElo "1877"]
[PlyCount "61"]
[EventDate "2011.04.16"]

1. Nf3 g6 2. c4 Bg7 3. Nc3 Nf6 4. d4 O-O 5. Bf4 d6 6. h3 h6 7. e3 Nfd7 8. Be2
e5 9. Bh2 Nc6 10. O-O Ne7 11. Qc2 exd4 12. Nxd4 Nc5 13. b4 Ne6 14. Nb3 Nc6 15.
a3 a5 16. b5 a4 17. Nd2 Ne7 18. Rad1 Nc5 19. b6 cxb6 20. Nde4 Nf5 21. Nxd6 Qf6
22. Nd5 Qb2 23. Qxb2 Bxb2 24. Nxb6 Rb8 25. Nb5 Be6 26. g4 Nh4 27. Bd6 Rbc8 28.
Nxc8 Rxc8 29. Na7 Bxa3 30. Nxc8 Bxc8 31. Bxc5 1-0

[Event "VIII Festival de Semana Santa"]
[Site "Mondariz Balneario, Pontevedra"]
[Date "2011.04.21"]
[Round "6.5"]
[White "Montanes Arribas, Adrian"]
[Black "Feijoo Novoa, Carlos"]
[Result "1-0"]
[WhiteElo "2160"]
[BlackElo "2089"]
[PlyCount "39"]
[EventDate "2011.04.16"]

1. e4 e6 2. d3 d5 3. Nd2 Nf6 4. Ngf3 Nc6 5. c3 a5 6. a4 Be7 7. e5 Nd7 8. d4 f6
9. exf6 Bxf6 10. Bb5 O-O 11. O-O Na7 12. Bd3 e5 13. dxe5 Nxe5 14. Nxe5 Bxe5 15.
Qh5 Bf4 16. Bxh7+ Kh8 17. Bg6+ Bh6 18. Nf3 Qf6 19. Bxh6 Bg4 20. Bxg7+ 1-0

[Event "VIII Festival de Semana Santa"]
[Site "Mondariz Balneario, Pontevedra"]
[Date "2011.04.21"]
[Round "6.6"]
[White "Martins, David Pires Tavares"]
[Black "Fernandez De Pablo, Miguel A"]
[Result "1-0"]
[WhiteElo "2011"]
[BlackElo "2160"]
[PlyCount "39"]
[EventDate "2011.04.16"]

1. e4 c5 2. Nf3 e6 3. c3 d5 4. e5 d4 5. Bd3 Nc6 6. O-O Nge7 7. Be4 Qc7 8. Re1
Bd7 9. d3 Ng6 10. Bxg6 hxg6 11. Bg5 Be7 12. Bxe7 Kxe7 13. Na3 Rh5 14. cxd4 cxd4
15. Rc1 Rah8 16. h3 Qb8 17. Qe2 f6 18. Rc5 b6 19. exf6+ gxf6 20. Rxc6 1-0

[Event "VIII Festival de Semana Santa"]
[Site "Mondariz Balneario, Pontevedra"]
[Date "2011.04.21"]
[Round "6.7"]
[White "Monmeneu Chulia, Vicente Juan"]
[Black "Lorenzo Duran, Marcos"]
[Result "0-1"]
[WhiteElo "1978"]
[BlackElo "2140"]
[PlyCount "58"]
[EventDate "2011.04.16"]

1. d4 d5 2. c4 c6 3. Nc3 Nf6 4. e3 a6 5. Nf3 Bf5 6. Be2 h6 7. O-O e6 8. Bd2
Nbd7 9. Qb3 Rb8 10. Rfc1 Bd6 11. h3 O-O 12. Be1 Re8 13. Kh1 Qe7 14. a3 Ne4 15.
Nxe4 dxe4 16. Ng1 e5 17. Bd2 Qf6 18. c5 Bc7 19. Qc3 Nf8 20. Rd1 Ne6 21. Bc4
exd4 22. exd4 Nxd4 23. Be3 Qe5 24. g3 Nf3 25. Qb3 Qf6 26. Nxf3 exf3 27. Bd4 Qg6
28. Qxf3 Be4 29. Bxf7+ Qxf7 0-1

[Event "VIII Festival de Semana Santa"]
[Site "Mondariz Balneario, Pontevedra"]
[Date "2011.04.21"]
[Round "6.8"]
[White "Ruiz Abad, Juan Manuel"]
[Black "Martin Duque, Jesus"]
[Result "0-1"]
[WhiteElo "1895"]
[BlackElo "2113"]
[PlyCount "58"]
[EventDate "2011.04.16"]

1. e4 c5 2. Nf3 Nc6 3. d4 cxd4 4. Nxd4 Nf6 5. Nc3 e5 6. Ndb5 d6 7. Bg5 a6 8.
Na3 b5 9. Nd5 Be7 10. Bxf6 Bxf6 11. c3 Bg5 12. Nc2 Ne7 13. Ncb4 O-O 14. a4 bxa4
15. Rxa4 a5 16. Nxe7+ Qxe7 17. Nd5 Qb7 18. b4 axb4 19. Rxa8 Qxa8 20. cxb4 Be6
21. Be2 Qb7 22. b5 f5 23. Nc3 Qc7 24. Qd3 Rc8 25. O-O Qxc3 26. Qxd6 Bf7 27.
exf5 Rd8 28. Qa6 Qb2 29. Bf3 Bc4 0-1

[Event "VIII Festival de Semana Santa"]
[Site "Mondariz Balneario, Pontevedra"]
[Date "2011.04.21"]
[Round "6.9"]
[White "Madurga Lopez, Ignacio"]
[Black "Fernandez Andrade, Antonio"]
[Result "0-1"]
[WhiteElo "2017"]
[BlackElo "1825"]
[PlyCount "40"]
[EventDate "2011.04.16"]

1. e4 g6 2. d4 Bg7 3. Nc3 c5 4. Nge2 cxd4 5. Nxd4 Nc6 6. Be3 Nf6 7. Bc4 O-O 8.
f3 e6 9. Qd2 d5 10. exd5 Nxd5 11. Nxd5 exd5 12. Bb5 Nxd4 13. Bxd4 Bxd4 14.
O-O-O Bg7 15. Ba4 Be6 16. h4 Qf6 17. c3 d4 18. Qxd4 Qxd4 19. cxd4 Rfd8 20. Rd3
Rxd4 0-1

[Event "VIII Festival de Semana Santa"]
[Site "Mondariz Balneario, Pontevedra"]
[Date "2011.04.21"]
[Round "6.10"]
[White "Garcia Magadan, Ramon"]
[Black "Ruiz Martinez, Isidro"]
[Result "1/2-1/2"]
[WhiteElo "2046"]
[BlackElo "1989"]
[PlyCount "95"]
[EventDate "2011.04.16"]

1. e4 g6 2. d4 Bg7 3. Nc3 d6 4. Nf3 Nf6 5. Be2 c6 6. O-O O-O 7. h3 Qc7 8. Bf4
Nbd7 9. e5 dxe5 10. Nxe5 Nxe5 11. Bxe5 Qa5 12. a3 Nd5 13. Nxd5 Qxd5 14. c4 Qe4
15. Bf3 Qh4 16. Bxg7 Kxg7 17. Qd3 Rd8 18. Rad1 Rd6 19. Qc3 Qf6 20. Rfe1 Re6 21.
Rxe6 Bxe6 22. Qb4 Rd8 23. d5 cxd5 24. cxd5 Bc8 25. Re1 Rd6 26. Qc3 Qxc3 27.
bxc3 Kf6 28. c4 b6 29. c5 bxc5 30. Rc1 e5 31. Rxc5 Bf5 32. Ra5 Rd7 33. Be2 Ke7
34. g4 Be4 35. Bc4 f5 36. Ra6 Bxd5 37. Bxd5 Rxd5 38. gxf5 gxf5 39. Rxa7+ Kf6
40. a4 Rd3 41. Rxh7 Kg6 42. Rb7 Rxh3 43. a5 Ra3 44. Rb6+ Kg5 45. a6 Kf4 46. Kg2
e4 47. Re6 Kg4 48. Rg6+ 1/2-1/2

[Event "VIII Festival de Semana Santa"]
[Site "Mondariz Balneario, Pontevedra"]
[Date "2011.04.21"]
[Round "6.11"]
[White "Draghici Flutur, Gavril"]
[Black "Cabanas Rodriguez, Roi"]
[Result "1-0"]
[WhiteElo "2126"]
[BlackElo "1846"]
[PlyCount "57"]
[EventDate "2011.04.16"]

1. d4 Nf6 2. Nc3 c5 3. Nf3 cxd4 4. Nxd4 Nc6 5. e4 d6 6. Bc4 g6 7. Nxc6 bxc6 8.
e5 Ng4 9. e6 f5 10. h3 Nf6 11. Bf4 d5 12. Nb5 Bxe6 13. Nc7+ Kf7 14. Nxa8 Qxa8
15. Bb3 Bg7 16. O-O a5 17. a4 Ne4 18. c3 Rd8 19. Qe2 Bc8 20. f3 Ba6 21. c4 Nc5
22. Ba2 Nxa4 23. Rfe1 Bf6 24. Qe6+ Kg7 25. Be5 Qa7+ 26. Kh1 Nxb2 27. cxd5 cxd5
28. Bxd5 Rf8 29. Rxa5 1-0

[Event "VIII Festival de Semana Santa"]
[Site "Mondariz Balneario, Pontevedra"]
[Date "2011.04.21"]
[Round "6.12"]
[White "Ballesteros Galvez, Daniel"]
[Black "Olivera Gutierrez, Albert"]
[Result "1-0"]
[WhiteElo "1683"]
[BlackElo "2073"]
[PlyCount "51"]
[EventDate "2011.04.16"]

1. e4 c5 2. c3 d5 3. exd5 Qxd5 4. d4 g6 5. dxc5 Qxc5 6. Be3 Qc7 7. Nf3 Bg7 8.
Qb3 Nf6 9. Qc4 Nc6 10. Nbd2 O-O 11. Bf4 e5 12. Be3 Ng4 13. Bc5 Be6 14. Qa4 Rfe8
15. Ng5 Bd7 16. Qc2 e4 17. O-O-O Nce5 18. Bd4 Nd3+ 19. Bxd3 exd3 20. Qxd3 Bf5
21. Qc4 Qxc4 22. Nxc4 Bxd4 23. Rxd4 Nxf2 24. Rf1 Re2 25. Rd2 Rae8 26. Rxf2 1-0

[Event "VIII Festival de Semana Santa"]
[Site "Mondariz Balneario, Pontevedra"]
[Date "2011.04.21"]
[Round "6.13"]
[White "Martins, Guilherme Pires Tava"]
[Black "Saez Gabikagogeaskoa, Oscar"]
[Result "0-1"]
[WhiteElo "1627"]
[BlackElo "1968"]
[PlyCount "76"]
[EventDate "2011.04.16"]

1. e4 c5 2. Nf3 Nc6 3. Nc3 e5 4. Bc4 Be7 5. d3 Nf6 6. O-O O-O 7. Ne1 d6 8. f4
exf4 9. Bxf4 Nd4 10. Ne2 Bg4 11. Nf3 Nxf3+ 12. gxf3 Bh3 13. Rf2 Nh5 14. Qd2 Bh4
15. Bg3 Kh8 16. Nf4 Nxf4 17. Qxf4 Bg5 18. Qxd6 Be3 19. Qe5 f5 20. Be6 Bd4 21.
Qd5 Qxd5 22. exd5 f4 23. Bxh3 fxg3 24. hxg3 Rxf3 25. Raf1 Rxf2 26. Rxf2 Rf8 27.
d6 Bxf2+ 28. Kg2 Bd4 29. c3 Bf6 30. d7 b5 31. Be6 a5 32. g4 b4 33. cxb4 axb4
34. a4 Bxb2 35. a5 Bf6 36. a6 Ra8 37. Bc4 Ra7 38. Bd5 Rxa6 0-1

[Event "VIII Festival de Semana Santa"]
[Site "Mondariz Balneario, Pontevedra"]
[Date "2011.04.21"]
[Round "6.14"]
[White "Picazo Gonzalez, Ana"]
[Black "Juan Morado, Miguel"]
[Result "1-0"]
[WhiteElo "1722"]
[BlackElo "1910"]
[PlyCount "45"]
[EventDate "2011.04.16"]

1. d4 e6 2. Nf3 Nf6 3. e3 g6 4. Be2 Bg7 5. c4 c5 6. Nc3 cxd4 7. exd4 O-O 8. O-O
d5 9. Bg5 h6 10. Bh4 dxc4 11. Bxc4 Qb6 12. Bg3 Bd7 13. Qe2 Bc6 14. Rfd1 Nbd7
15. Ne5 Nxe5 16. Bxe5 Rad8 17. Rac1 Rd7 18. Bb5 a6 19. Bxc6 Qxc6 20. Bxf6 Bxf6
21. Ne4 Qxc1 22. Nxf6+ Kg7 23. Nxd7 1-0

[Event "VIII Festival de Semana Santa"]
[Site "Mondariz Balneario, Pontevedra"]
[Date "2011.04.21"]
[Round "6.15"]
[White "Salas Rasilla, Concepcion"]
[Black "Blanco Dans, Manuel"]
[Result "0-1"]
[WhiteElo "1809"]
[BlackElo "1690"]
[PlyCount "46"]
[EventDate "2011.04.16"]

1. Nf3 Nf6 2. c4 c6 3. d4 d5 4. cxd5 cxd5 5. Nc3 Nc6 6. Bf4 Bf5 7. e3 e6 8. Bb5
Rc8 9. Ne5 Qb6 10. Qa4 a6 11. Bxc6+ bxc6 12. O-O Be7 13. a3 O-O 14. Rac1 c5 15.
dxc5 Bxc5 16. b4 Bd6 17. Rfd1 h6 18. Qb3 g5 19. Na4 Qb7 20. Ng6 Rxc1 21. Rxc1
Rc8 22. Rxc8+ Qxc8 23. Nc5 gxf4 0-1

[Event "VIII Festival de Semana Santa"]
[Site "Mondariz Balneario, Pontevedra"]
[Date "2011.04.21"]
[Round "6.16"]
[White "Llaneras Henarejos, Miguel"]
[Black "Nunez Alonso, Juan"]
[Result "1/2-1/2"]
[WhiteElo "1746"]
[BlackElo "1681"]
[PlyCount "76"]
[EventDate "2011.04.16"]

1. d4 Nf6 2. c4 g6 3. Nc3 Bg7 4. e4 d6 5. f3 O-O 6. Be3 e5 7. d5 Nh5 8. Qd2 f5
9. c5 Nd7 10. cxd6 cxd6 11. Nge2 a6 12. Nc1 b5 13. Nd3 Bb7 14. Be2 Rc8 15. O-O
f4 16. Bf2 g5 17. Rfc1 Rf7 18. a4 bxa4 19. Nxa4 Bf8 20. Rxc8 Bxc8 21. Nb4 Qa5
22. Qe1 Qd8 23. Bxa6 Rg7 24. h3 Bxa6 25. Nxa6 Nhf6 26. Qc3 h5 27. Nc7 Nc5 28.
Nxc5 Rxc7 29. Ne6 Rxc3 30. Nxd8 Rb3 31. Ne6 g4 32. hxg4 hxg4 33. fxg4 Be7 34.
Ra7 Kf7 35. Bh4 Rxb2 36. Kf1 Rb1+ 37. Ke2 Rb2+ 38. Kf1 Rb1+ 1/2-1/2

[Event "VIII Festival de Semana Santa"]
[Site "Mondariz Balneario, Pontevedra"]
[Date "2011.04.21"]
[Round "6.17"]
[White "Sio Areal, Manuel"]
[Black "Pousada Gonzalez, Almudena"]
[Result "0-1"]
[WhiteElo "1456"]
[BlackElo "1742"]
[PlyCount "74"]
[EventDate "2011.04.16"]

1. d4 Nf6 2. Bf4 d5 3. e3 c5 4. c3 Nc6 5. Nd2 Bg4 6. Ngf3 e6 7. h3 Bh5 8. Bd3
Be7 9. Qc2 c4 10. Be2 Bg6 11. Qd1 Ne4 12. O-O O-O 13. Ne5 Nxe5 14. Bxe5 Bd6 15.
Nf3 b5 16. a3 h6 17. Bxd6 Qxd6 18. Ne5 Bh7 19. Qe1 a5 20. f3 Nf6 21. f4 Ra7 22.
Bf3 Rfa8 23. Qg3 b4 24. Ng4 Nxg4 25. Bxg4 bxc3 26. bxc3 Rb8 27. Qf2 Rb3 28. f5
exf5 29. Bxf5 Bxf5 30. Qxf5 Rab7 31. Rab1 Qd7 32. Qxd7 Rxd7 33. Rxb3 cxb3 34.
a4 Rc7 35. Rf5 b2 36. Rf1 Rxc3 37. Rb1 Rc1+ 0-1

[Event "VIII Festival de Semana Santa"]
[Site "Mondariz Balneario, Pontevedra"]
[Date "2011.04.22"]
[Round "7.1"]
[White "Renteria, Jorge"]
[Black "Villar Perez, Samuel"]
[Result "1-0"]
[WhiteElo "2292"]
[BlackElo "2156"]
[PlyCount "89"]
[EventDate "2011.04.16"]

1. d4 Nf6 2. c4 g6 3. Nc3 d5 4. Bg5 Ne4 5. Bh4 Nxc3 6. bxc3 dxc4 7. e3 Be6 8.
Rb1 b6 9. Be2 Bg7 10. Bf3 Bd5 11. e4 Bb7 12. Qa4+ Qd7 13. Qxc4 O-O 14. e5 Nc6
15. Rd1 Rad8 16. Nh3 Na5 17. Qe2 Bxf3 18. Qxf3 f6 19. Qe2 g5 20. Bg3 g4 21. Nf4
fxe5 22. Nh5 Bh8 23. Bxe5 Bxe5 24. Qxe5 Rf7 25. h3 Qf5 26. Qxf5 Rxf5 27. hxg4
Rb5 28. O-O Rb2 29. Rfe1 Kf7 30. Rd3 Rd6 31. Rf3+ Ke8 32. Ng7+ Kd8 33. Rf7 Nc6
34. Nf5 Rf6 35. Rxf6 exf6 36. Re6 Nb8 37. Rxf6 Ke8 38. Rh6 Rxa2 39. Rxh7 Nd7
40. g5 Nf8 41. Rxc7 a5 42. Rg7 a4 43. g6 Re2 44. Nd6+ Kd8 45. Rg8 1-0

[Event "VIII Festival de Semana Santa"]
[Site "Mondariz Balneario, Pontevedra"]
[Date "2011.04.22"]
[Round "7.2"]
[White "Martinez Rodriguez, Pablo"]
[Black "Gonzalez Roca, Pablo"]
[Result "1/2-1/2"]
[WhiteElo "2284"]
[BlackElo "2024"]
[PlyCount "126"]
[EventDate "2011.04.16"]

1. d4 Nf6 2. c4 g6 3. Nc3 Bg7 4. e4 d6 5. Nf3 O-O 6. Be2 e5 7. O-O Nc6 8. d5
Ne7 9. Ne1 Ne8 10. Nd3 f5 11. Bd2 fxe4 12. Nxe4 Nf5 13. f3 c6 14. Rf2 Nf6 15.
dxc6 bxc6 16. Bg5 Be6 17. Bf1 h6 18. Bxf6 Bxf6 19. Nxf6+ Qxf6 20. Qd2 Kg7 21.
Re1 Rfe8 22. Qc3 c5 23. f4 exf4 24. Qxf6+ Kxf6 25. Nxf4 Bf7 26. Rxe8 Rxe8 27.
g4 Nd4 28. Ne2+ Ke7 29. Nxd4 cxd4 30. Rf4 d5 31. Rxd4 dxc4 32. Bxc4 Bxc4 33.
Rxc4 Rd8 34. Rf4 Ke6 35. Kg2 Rd3 36. h4 Ke5 37. Rb4 a5 38. Rb6 g5 39. Rxh6 gxh4
40. Rxh4 Kf4 41. Rh2 Kxg4 42. Kf1 Kf4 43. Ke2 Rg3 44. Kd2 Ke4 45. Rh4+ Kd5 46.
Rh5+ Kc4 47. Re5 Rh3 48. Re4+ Kc5 49. Re3 Rh2+ 50. Kc3 Rh4 51. a3 Kb5 52. Re5+
Kb6 53. Rd5 Rg4 54. Rd4 Rg3+ 55. Kc4 Kc6 56. Rh4 Rg2 57. Rh6+ Kb7 58. b3 Rg3
59. a4 Rg4+ 60. Kc5 Rg5+ 61. Kc4 Rg4+ 62. Kb5 Rg5+ 63. Kc4 Rg4+ 1/2-1/2

[Event "VIII Festival de Semana Santa"]
[Site "Mondariz Balneario, Pontevedra"]
[Date "2011.04.22"]
[Round "7.3"]
[White "Clemente Llamero, Roberto"]
[Black "Montes Gutierrez, Ignacio"]
[Result "1-0"]
[WhiteElo "2114"]
[BlackElo "2201"]
[PlyCount "105"]
[EventDate "2011.04.16"]

1. e4 e6 2. d3 d5 3. Nd2 c5 4. g3 Nc6 5. Bg2 g6 6. Ngf3 Bg7 7. O-O Nge7 8. Re1
b6 9. Qe2 h6 10. h4 a5 11. a4 Qc7 12. exd5 Nxd5 13. Nc4 Bb7 14. c3 Rd8 15. Ra3
O-O 16. Rb3 Ba6 17. Nfe5 Rb8 18. Nxg6 Rfd8 19. Nf4 Bxc4 20. dxc4 Nxf4 21. Bxf4
e5 22. Be3 Ne7 23. Ra3 Rd6 24. Raa1 Rbd8 25. Rad1 Qd7 26. Rxd6 Qxd6 27. Bf3 Qe6
28. Rd1 Rxd1+ 29. Qxd1 Nf5 30. Qd8+ Bf8 31. Bd5 Qg6 32. Be4 Qd6 33. Qxd6 Nxd6
34. Bd5 Nf5 35. Bd2 Kg7 36. Kg2 Ne7 37. Bb7 Ng8 38. Kf3 f5 39. Bd5 Ne7 40. Bb7
Ng8 41. Ke2 Kg6 42. f3 Nf6 43. Bc6 Kf7 44. Bb7 Kg6 45. Bc8 e4 46. Bf4 exf3+ 47.
Kxf3 Ne4 48. Bxf5+ Kxf5 49. g4+ Kg6 50. Kxe4 Be7 51. h5+ Kg7 52. Kf5 Bh4 53.
Ke6 1-0

[Event "VIII Festival de Semana Santa"]
[Site "Mondariz Balneario, Pontevedra"]
[Date "2011.04.22"]
[Round "7.4"]
[White "Lorenzo Duran, Marcos"]
[Black "Montanes Arribas, Adrian"]
[Result "1-0"]
[WhiteElo "2140"]
[BlackElo "2160"]
[PlyCount "39"]
[EventDate "2011.04.16"]

1. e4 e5 2. f4 exf4 3. Nf3 Ne7 4. d4 d5 5. Nc3 dxe4 6. Nxe4 Ng6 7. h4 Bg4 8.
Bc4 Bb4+ 9. c3 O-O 10. cxb4 Re8 11. Bxf7+ Kxf7 12. Nfg5+ Kg8 13. Qb3+ Be6 14.
Nxe6 Qe7 15. N6g5+ Kh8 16. Kf1 Nc6 17. h5 Nxd4 18. Qc4 Nf5 19. Nf7+ Kg8 20.
Nh6+ 1-0

[Event "VIII Festival de Semana Santa"]
[Site "Mondariz Balneario, Pontevedra"]
[Date "2011.04.22"]
[Round "7.5"]
[White "Fernandez Andrade, Antonio"]
[Black "Martins, David Pires Tavares"]
[Result "1/2-1/2"]
[WhiteElo "1825"]
[BlackElo "2011"]
[PlyCount "59"]
[EventDate "2011.04.16"]

1. d4 e6 2. Nf3 f5 3. e4 fxe4 4. Ng5 Nf6 5. f3 exf3 6. Qxf3 Be7 7. Bd3 O-O 8.
O-O h6 9. Qh3 Qe8 10. Nc3 Qh5 11. Rxf6 Qe8 12. Rxf8+ Bxf8 13. Nf3 c5 14. Be3
cxd4 15. Bxd4 Nc6 16. Bf2 d5 17. Qg3 e5 18. Nxd5 Qf7 19. Qg6 Qxd5 20. Qh7+ Kf7
21. Bg6+ Ke7 22. Bh4+ Kd6 23. Be4 Qc5+ 24. Bf2 Qb4 25. Rd1+ Kc7 26. Qg6 Qe7 27.
Bxc6 bxc6 28. Nxe5 Be6 29. Qg3 Kb7 30. Qc3 1/2-1/2

[Event "VIII Festival de Semana Santa"]
[Site "Mondariz Balneario, Pontevedra"]
[Date "2011.04.22"]
[Round "7.6"]
[White "Martin Duque, Jesus"]
[Black "Draghici Flutur, Gavril"]
[Result "1-0"]
[WhiteElo "2113"]
[BlackElo "2126"]
[PlyCount "119"]
[EventDate "2011.04.16"]

1. e4 c5 2. Nf3 Nc6 3. d4 cxd4 4. Nxd4 Nf6 5. Nc3 d6 6. Bg5 e6 7. Qd2 Be7 8.
O-O-O O-O 9. f4 Nxd4 10. Qxd4 Qa5 11. Bc4 Rd8 12. e5 dxe5 13. Qxe5 Qb4 14. Bb5
a6 15. a3 Qa5 16. Be2 Qb6 17. f5 Bd7 18. Be3 Qc6 19. Bf3 Qc8 20. fxe6 Bxe6 21.
Na4 Nd7 22. Qe4 Rb8 23. Nb6 Nxb6 24. Bxb6 Rxd1+ 25. Rxd1 Bf5 26. Qe2 h6 27. Bd5
Bf6 28. Kb1 Bg4 29. Bf3 Bxf3 30. Qxf3 Qe6 31. Bc7 Re8 32. Qxb7 Qg4 33. Qd5 Rc8
34. Qd7 Qxd7 35. Rxd7 Re8 36. Rd2 Re1+ 37. Ka2 Bg5 38. Rf2 Be3 39. Rf3 Bc1 40.
Kb3 Re2 41. g4 Rg2 42. Bg3 Re2 43. Rf1 Bg5 44. Re1 Rd2 45. Re8+ Kh7 46. Ra8 Rd4
47. Rxa6 Rxg4 48. Ra4 h5 49. Rxg4 hxg4 50. a4 f5 51. a5 Be3 52. a6 g5 53. Bb8
f4 54. a7 Bxa7 55. Bxa7 Kg6 56. Bf2 Kf5 57. c4 Ke4 58. c5 Kf3 59. Bd4 g3 60.
hxg3 1-0